Psicoterapia de grupo con niños : una experiencia de psicoterapia psicoanalítica aplicada a la enuresis

Guardat en:
Dades bibliogràfiques
Autors principals: Corominas, Júlia (Autor), Farré, Lluís (Autor), Martínez, Montserrat (Autor), Camps, Núria (Autor)
Format: Llibre
Idioma:espanyol
Publicat: Barcelona Paidós 1996
Col·lecció:Psicología Psiquiatría Psicoterapia, 153
Matèries:
Etiquetes: Afegir etiqueta
Sense etiquetes, Sigues el primer a etiquetar aquest registre!

MARC

LEADER 00000nam a2200000 a 4500
001 UCS4099
003 CL-VaPUC
008 970725e19960000SP |||||||||||||||||spa|d
082 0 4 |a 616.8  |b COR  |2 21 
100 0 |a Corominas, Júlia  |e author  |9 390180 
700 0 |a Farré, Lluís  |e author  |9 390181 
700 0 |a Martínez, Montserrat  |e author  |9 390182 
700 0 |a Camps, Núria  |e author  |9 390183 
245 1 0 |a Psicoterapia de grupo con niños : una experiencia de psicoterapia psicoanalítica aplicada a la enuresis 
300 |a 221 p 
942 |c BK 
945 |d 19970725 00:00:00  |a jquezada 
260 |a Barcelona  |b Paidós  |c 1996 
650 7 |a PSIQUIATRIA INFANTIL  |2 CL-VaPUC  |9 311183 
650 7 |a PSICOTERAPIA INFANTIL  |2 CL-VaPUC  |9 309790 
650 7 |a ENFERMEDADES UROGENITALES  |2 CL-VaPUC  |9 342185 
650 7 |a ENURESIS  |2 CL-VaPUC  |9 342183 
650 0 |a Psicología   |9 257863 
650 7 |a INCONTINENCIA  |2 CL-VaPUC  |9 342184 
583 |a last modification  |c 19970725 00:00:00  |k Rodrigo Vera 
490 0 |a Psicología Psiquiatría Psicoterapia, 153 
999 |c 261433  |d 261431 
952 |0 0  |1 0  |4 0  |6 616_800000000000000_COR_1996  |7 0  |8 A  |9 288863  |a BIBEDU  |b BIBEDU  |c ES_NOD  |d 2019-11-19  |i 3335968  |o 616.8 COR 1996  |p 3335968  |r 2023-08-09  |w 2019-11-19  |y BK  |k PSI